000 01090nam a22003137a 4500
001 BR7500062
003 BR-BrBNA
005 20230928084707.0
007 ta
008 230509b bl.||||| |||| 00| 0 por d
040 _aBR-BrBNA
_bpor
_cBiblioteca Nacional de Agricultura
041 _a(Por)
072 _aF00; F25
_b0150
_b3820
090 _ 0150 BR7500062
100 1 _aGomes, H. de A.
110 1 _aUniversidade Federal do Rio Grande do Sul, Porto Alegre (Brasil). Faculdade de Agronomia
_0Tese (Magister Scientiae)
245 1 _aInfluencia de doses e epocas de adubacao nitrogenada no rendimento de graos de arroz irrigado
260 3 _aPorto Alegre, RS (Brasil):
_bInstituto Rio Grandense do Arroz,
_c1974.
300 _a31 p.
500 _a41 ref.; Summary (Eng). (*) Documento disponível na(o) Instituto Rio Grandense do Arroz, Porto Alegre (Brazil)
650 _aArroz
650 _aFertilizante nitrogenado
650 _aAdubacao
650 _aNitrogenio
650 _aArroz irrigado
650 _aGrao
909 _a202309
_bLucia
_c55
_dLucia Elande
942 _cBK
999 _c20527
_d20527